000 00632nam a2200217Ii 4500
001 16987
003 CO-ViMGA
008 241108s9999||||xx |||||||||||||| ||und||
020 _a9789588321332
040 _aCO-ViMGA
_bspa
_erda
_cCO-ViMGA
041 0 _aspa
084 _aC CUE25l
100 1 _aMario Vargas Llosa
_950327
245 1 0 _aCuentos latinoamericanos V
264 1 _aBogotá, Colombia : Secretaría Distrital de Cultura, 2007
300 _avolumen
336 _atext
_btxt
_2rdacontent
337 _aunmediated
_bn
_2rdamedia
338 _avolume
_bnc
_2rdacarrier
940 _aidficha_siabuc: 16655. -- ficha_no_siabuc:16987
999 _c45010
_d45010